[Event "POL-ch U12"]
[Site "Suwalki"]
[Date "2015.04.13"]
[Round "8.18"]
[White "Maciejewski, Kamil"]
[Black "Sokalla, Tomasz"]
[Result "0-1"]
[WhiteElo "1538"]
[BlackElo "1436"]
[PlyCount "144"]
[EventDate "2015.04.08"]
[EventType "swiss"]
[EventRounds "9"]
[EventCountry "POL"]
[SourceTitle "EXT 2023"]
[Source "ChessBase"]
[SourceDate "2022.10.05"]
[SourceVersion "1"]
[SourceVersionDate "2022.10.05"]
[SourceQuality "1"]

1. e4 c5 2. Nf3 d6 3. d4 cxd4 4. Nxd4 Nf6 5. Nc3 a6 6. h3 e5 7. Nde2 Be7 8. g4 h6 9. Bg2 b5 10. Be3 Bb7 11. Ng3 g6 12. Qd2 h5 13. g5 Nfd7 14. Nd5 Bf8 15. h4 Nc6 16. Bh3 Ncb8 17. 0-0 a5 18. f4 Bg7 19. f5 Ra6 20. fxg6 fxg6 21. Be6 Rf8 22. Rxf8+ Nxf8 23. Bh3 Bc8 24. Bb6 Rxb6 25. Bxc8 Rc6 26. Bh3 Na6 27. Qf2 Qb8 28. Rf1 Qb7 29. Nf6+ Bxf6 30. Qxf6 Qa7+ 31. Kh1 Qe7 32. Qxe7+ Kxe7 33. c3 Nc5 34. Rd1 Nfe6 35. Bxe6 Nxe6 36. Ne2 Rc4 37. Ng3 Nc5 38. Re1 Nd3 39. Re2 Nf4 40. Rd2 Kd7 41. Kg1 Rc8 42. Kf2 Rf8 43. Ke3 Kc6 44. b3 Rc8 45. Rc2 Kd7 46. Kf3 Ke6 47. Ne2 Rf8 48. Kg3 Nd3 49. Nc1 Nc5 50. Re2 Rf4 51. Kh3 Nxe4 52. Re3 d5 53. Nd3 Nf2+ 54. Kg3 Nxd3 55. Rxd3 Rg4+ 56. Kh3 e4 57. Re3 Ke5 58. a3 Kf4 59. Re1 Rg3+ 60. Kh2 Rxc3 61. Rf1+ Rf3 62. Rd1 Ke5 63. Rb1 d4 64. Kg2 d3 65. Rc1 d2 66. Rd1 Rd3 67. Kf2 Kd4 68. Rb1 Kc3 69. b4 a4 70. Rf1 Kc2 71. Rd1 Rd6 72. Ra1 d1Q 0-1

[Event "POL-ch U12"]
[Site "Suwalki"]
[Date "2015.04.12"]
[Round "7.16"]
[White "Bujalski, Mateusz"]
[Black "Sokalla, Tomasz"]
[Result "1-0"]
[WhiteElo "1460"]
[BlackElo "1436"]
[PlyCount "103"]
[EventDate "2015.04.08"]
[EventType "swiss"]
[EventRounds "9"]
[EventCountry "POL"]
[SourceTitle "EXT 2023"]
[Source "ChessBase"]
[SourceDate "2022.10.05"]
[SourceVersion "1"]
[SourceVersionDate "2022.10.05"]
[SourceQuality "1"]

1. e4 c5 2. Nf3 d6 3. d4 cxd4 4. Nxd4 Nf6 5. Nc3 a6 6. Be2 e6 7. Be3 Be7 8. f3 0-0 9. g4 Nc6 10. Nxc6 bxc6 11. Qd2 Qc7 12. Bf4 Rd8 13. h4 Qb7 14. Be3 d5 15. e5 Nd7 16. f4 Qxb2 17. Kf2 Bb4 18. Rab1 Qxc3 19. Rxb4 Qxd2 20. Bxd2 a5 21. Ra4 Nc5 22. Rxa5 Ne4+ 23. Ke3 Bd7 24. Rxa8 Rxa8 25. Rb1 Nxd2 26. Kxd2 Be8 27. Rb2 Kf8 28. h5 Ra4 29. Ke3 f6 30. exf6 gxf6 31. Bd3 h6 32. Rb8 Ke7 33. Rb7+ Bd7 34. Rb8 e5 35. fxe5 fxe5 36. Rh8 Rxg4 37. Rxh6 e4 38. Be2 Rg7 39. a4 c5 40. a5 Kd8 41. Rh8+ Kc7 42. h6 Re7 43. h7 d4+ 44. Kd2 e3+ 45. Ke1 Kd6 46. a6 d3 47. Bxd3 Rg7 48. Rg8 c4 49. Rxg7 cxd3 50. cxd3 Bb5 51. a7 Bxd3 52. a8Q 1-0

[Event "POL-ch U12"]
[Site "Suwalki"]
[Date "2015.04.09"]
[Round "2"]
[White "Sokalla, Tomasz"]
[Black "Dixa, Oskar"]
[Result "1-0"]
[WhiteElo "1436"]
[BlackElo "1501"]
[PlyCount "113"]
[EventDate "2015.04.08"]
[EventType "swiss"]
[EventRounds "9"]
[EventCountry "POL"]
[SourceTitle "EXT 2023"]
[Source "ChessBase"]
[SourceDate "2022.10.05"]
[SourceVersion "1"]
[SourceVersionDate "2022.10.05"]
[SourceQuality "1"]

1. e4 c5 2. Nf3 Nc6 3. d4 cxd4 4. Nxd4 Qb6 5. Nb3 Nf6 6. Nc3 e6 7. Be3 Qc7 8. f3 a6 9. Qd2 Be7 10. Be2 b5 11. 0-0-0 Bb7 12. g4 h6 13. h4 h5 14. g5 Nh7 15. f4 g6 16. Rhf1 Rc8 17. f5 Rg8 18. fxg6 fxg6 19. Bb6 Qd6 20. Qxd6 Bxd6 21. Rxd6 Ne5 22. Nc5 Bc6 23. Nxa6 Rf8 24. Rxf8+ Kxf8 25. Nb4 Kf7 26. Rd1 Nc4 27. Bxc4 bxc4 28. Nxc6 dxc6 29. Rd7+ Kg8 30. Rd8+ Rxd8 31. Bxd8 Nf8 32. a4 Nd7 33. a5 Nc5 34. Bb6 Na6 35. e5 Kf7 36. Ne4 Ke7 37. Kd2 Nb8 38. Kc3 Kd7 39. Kxc4 Kc8 40. Nd6+ Kd7 41. b4 Na6 42. b5 cxb5+ 43. Kxb5 Nb8 44. a6 Nxa6 45. Kxa6 Kc6 46. c4 Kd7 47. Kb7 Ke7 48. c5 Kf8 49. c6 Kg7 50. c7 Kh7 51. c8Q Kg7 52. Qd7+ Kh8 53. Nf7+ Kg8 54. Nh6+ Kh8 55. Qe8+ Kh7 56. Qf7+ Kh8 57. Qg8# 1-0

[Event "POL-ch U10"]
[Site "Szczyrk"]
[Date "2013.03.06"]
[Round "3.14"]
[White "Sokalla, Tomasz"]
[Black "Stankiewicz, Kamil"]
[Result "0-1"]
[WhiteElo "1409"]
[BlackElo "1177"]
[PlyCount "128"]
[EventDate "2013.03.04"]
[EventType "swiss"]
[EventRounds "9"]
[EventCountry "POL"]
[SourceTitle "EXT 2023"]
[Source "ChessBase"]
[SourceDate "2022.10.05"]
[SourceVersion "1"]
[SourceVersionDate "2022.10.05"]
[SourceQuality "1"]

1. e4 c5 2. Nf3 Nc6 3. d4 cxd4 4. Nxd4 Nf6 5. Nc3 d6 6. Bg5 e5 7. Ndb5 a6 8. Na3 Be7 9. Bxf6 Bxf6 10. Nd5 b5 11. c4 b4 12. Nc2 a5 13. Qf3 Be6 14. Nxf6+ Qxf6 15. Qxf6 gxf6 16. Ne3 Nd4 17. 0-0-0 Rc8 18. b3 Ke7 19. g3 f5 20. Nd5+ Bxd5 21. exd5 h5 22. h4 Nb5 23. Kb2 Nc3 24. Re1 Ra8 25. a4 Rhg8 26. Bh3 Kf6 27. Re3 e4 28. Ree1 Rge8 29. Rhf1 Re7 30. f3 Kg6 31. g4 hxg4 32. fxg4 fxg4 33. Bxg4 Rh8 34. Rh1 f5 35. Bh3 Kf6 36. Rhf1 Re5 37. Rf4 e3 38. Kc2 Rh5 39. Bg2 Rh8 40. Kd3 Rhe8 41. Rf3 e2 42. Kd2 Re4 43. Rh3 Rd4+ 44. Kc2 Rd1 45. Rhh1 Re3 46. Rxd1 exd1Q+ 47. Rxd1 Nxd1 48. Kxd1 Rg3 49. Bf1 Rxb3 50. Kc2 Rg3 51. h5 Kg5 52. Be2 f4 53. Kd2 f3 54. Bd1 Kxh5 55. Ke1 Kg5 56. Kf2 Kf4 57. c5 dxc5 58. d6 Rg6 59. d7 Rd6 60. Bxf3 Rxd7 61. Be2 Rd2 62. Ke1 Rxe2+ 63. Kxe2 Ke4 64. Kd2 Kd4 0-1